| 000 | 00658nam a2200217 a 4500 | ||
|---|---|---|---|
| 005 | 20240419064015.0 | ||
| 008 | 991125s1991 mx 000 0 spa u | ||
| 020 | _a9686125477 | ||
| 035 | _aUPN01000013729 | ||
| 049 | _aCG | ||
| 050 | 4 |
_aHD6532 _bL33 |
|
| 100 | 1 |
_aLeal, Juan Felipe _928968 |
|
| 245 | 1 | 0 |
_aDel mutualismo al sindicalismo en México : _b1843-1910 / _cJuan Felipe Leal. |
| 260 |
_aMéxico : _bEl Caballito, _c1991. |
||
| 300 | _a167 p. | ||
| 440 | 0 | _aFragua mexicana | |
| 650 | 4 | _aMUTUALISMO (ECONOMIA) | |
| 650 | 4 |
_aSINDICATOS - _zMEXICO - _xHISTORIA _94561 |
|
| 650 | 4 |
_aTrabajo y trabajadores _zMéxico _xHistoria _910850 |
|
| 905 | _aLibro | ||
| 999 |
_c13729 _d13729 |
||